Sách tra cứu kỹ thuật đúc thép /

Salvato in:
Dettagli Bibliografici
Autore principale: Phan Tử Phùng
Natura: Libro
Lingua:Vietnamese
Pubblicazione: H. : Khoa học và kỹ thuật , 1991
Edizione:In lần thứ 1
Soggetti:
Tags: Aggiungi Tag
Nessun Tag, puoi essere il primo ad aggiungerne! !
Thư viện lưu trữ: Thư viện Trường CĐ Kỹ Thuật Cao Thắng
LEADER 00687nam a2200217 a 4500
001 TVCDKTCT741
003 Thư viện trường Cao đẳng Kỹ thuật Cao Thắng
005 20050803000000
008 050803
980 \ \ |a Thư viện Trường CĐ Kỹ Thuật Cao Thắng 
024 |a RG_1 #1 eb0 i1 
041 0 # |a vie 
082 # # |a 669.8 /   |b PH105PH-s 
100 1 # |a Phan Tử Phùng 
245 0 0 |a Sách tra cứu kỹ thuật đúc thép /  |c Phan Tử Phùng 
250 # # |a In lần thứ 1 
260 # # |a H. :  |b Khoa học và kỹ thuật ,  |c 1991 
300 # # |a 574tr. ;  |c 19cm 
650 # 4 |a Cơ khí 
650 # 4 |a Luyện kim 
650 # 4 |a Đúc kim lọai